Bundesligisten - Statistiken

Allgemein
  • Dieses Quiz wurde 215 mal gespielt
    70 seit der letzten Aktualisierung
  • Das Durchschnittsergebnis liegt bei 45 aus 58
Antwortstatistiken
Spielzeiten in der
Bundesliga
Vereinsname % Korrekt
56 Borussia Dortmund
100%
58 FC Bayern München
100%
55 Hamburger SV
98%
53 FC Schalke 04
95%
50 1. FC Köln
93%
33 1. FC Nürnberg
93%
58 SV Werder Bremen
93%
9 FC St. Pauli
91%
1 Holstein Kiel
91%
7 RB Leipzig
91%
23 SC Freiburg
91%
56 VfB Stuttgart
91%
3 1. FC Union Berlin
89%
44 Bayer 04 Leverkusen
89%
55 Borussia Mönchengladbach
89%
54 Eintracht Frankfurt
89%
36 VfL Bochum
89%
44 1. FC Kaiserslautern
87%
17 1. FSV Mainz 05
87%
30 Hannover 96
87%
20 TSV 1860 München
87%
39 Hertha BSC Berlin
85%
26 VfL Wolfsburg
85%
1 1. FC Heidenheim
84%
12 FC Augsburg
84%
25 Fortuna Düsseldorf
84%
4 Dynamo Dresden
82%
21 Eintracht Braunschweig
82%
24 Karlsruher SC
82%
7 Rot-Weiß Essen
80%
2 SpVgg Greuther Fürth
80%
4 Alemannia Aachen
78%
4 SV Darmstadt 98
78%
15 TSG 1899 Hoffenheim
78%
2 SC Paderborn 07
76%
1 SSV Ulm 1846
75%
19 Arminia Bielefeld
73%
28 MSV Duisburg
73%
2 Stuttgarter Kickers
73%
5 1. FC Saarbrücken
71%
12 FC Hansa Rostock
69%
2 FC Ingolstadt 04
69%
6 FC Energie Cottbus
67%
1 SV Tasmania Berlin
67%
7 SV Waldhof Mannheim
67%
14 KFC Uerdingen 05
64%
7 Kickers Offenbach
64%
1 Preußen Münster
64%
1 SC Fortuna Köln
62%
2 SpVgg Unterhaching
62%
1 VfB Leipzig
53%
4 Rot-Weiß Oberhausen
49%
4 SG Wattenscheid 09
49%
2 Tennis Borussia Berlin
49%
3 Wuppertaler SV
49%
3 FC 08 Homburg
47%
3 Borussia Neunkirchen
42%
1 Blau-Weiß 90 Berlin
40%
Keine übereinstimmenden Quizze gefunden
Verteilung der Resultate
Anzahl Personen mit jedem Resultat
Perzentil nach korrekt beantworteten Fragen
Ihre Resultats-Entwicklung
Sie haben dieses Quiz seit der letzten Aktualisierung nicht gespielt